| 000 | 00428cam a2200169ua 4500 | ||
|---|---|---|---|
| 020 | _c1.50 | ||
| 041 |
_amal _h |
||
| 082 |
_a500 _bKRI/SA |
||
| 100 | _aKrishna Warrier, N.V. | ||
| 245 |
_aSastragathi, Vol 1 / _cN V Krishna Warrier. _hTextual Documents |
||
| 260 |
_aEranakulam : _bKerala Sastra Sahitya Parishath , _c1966. |
||
| 300 | _a120 ; . | ||
| 365 | _a1.50 | ||
| 504 | _a | ||
| 942 | _cBK | ||
| 999 |
_c4388 _d4388 |
||